000 01355ctm a22002771aa4500
003 SA-RiAUC
005 20251215122420.0
007 co ug ---uuauu         
008 251212s1981 su fsbm 00000 ara c
040 _aSA-JeALM
_bara
_cSA-RiAUC
_erda
082 0 4 _a251
_qSA-RiAUC
090 _aر 251
_bا ب و ع
100 1 _aأبو عمشة، مفيد محمد
245 1 2 _aالتمهيد في أصول الفقه /
_cتأليف محفوظ بن أحمد بن الحسن ؛ اعداد مفيد محمد أبو عمشة ؛ إشراف عبد الوهاب أبو سليمان.
260 _c1981
264 _aمكة المكرمة :
_bجامعة الملك عبدالعزيز
300 _a2 مجلد ؛
_c30 سم.
500 _aإهداء من المؤلف مفيد محمد أبو عمشة بتاريخ 1402/4/8 هـ
500 _aأطروحة (دكتوراه)-جامعة أم القرى، كلية الشريعة، 1981.
502 _aأطروحة (دكتوراه)-جامعة أم القرى، كلية الشريعة، 1981.
504 _aيشتمل على إرجاعات ببليوجرافية.
650 7 _aأصول الفقه الإسلامي
_vأقراص مدمجة
_2aucsh
700 _aأبو سليمان, عبد الوهاب.
_eإشراف
942 _2ddc
_cTHESES
_n0
949 _aSA-JeALM
_d251212
_umohamedma123
_n1
999 _c13535
_d13535